[Event "Ruhrgebiet VK1 0001"]
[Site "Ruhrgebiet"]
[Date "2001.03.18"]
[Round "7"]
[White "Ball, Joerg"]
[Black "Krause, Dieter"]
[Result "1/2-1/2"]
[WhiteElo "1881"]
[BlackElo "1866"]
[PlyCount "108"]
[EventDate "2000.09.17"]
[EventType "team-tourn"]
[EventRounds "9"]
[EventCountry "GER"]
[SourceTitle "EXT 2023"]
[Source "ChessBase"]
[SourceDate "2022.10.05"]
[SourceVersion "1"]
[SourceVersionDate "2022.10.05"]
[SourceQuality "1"]
[WhiteTeam "Essen Listiger Bauer"]
[BlackTeam "Mengede SG"]
[WhiteTeamCountry "GER"]
[BlackTeamCountry "GER"]

1. e4 d5 2. exd5 Nf6 3. Bb5+ Bd7 4. Bc4 Bg4 5. f3 Bf5 6. Nc3 c6 7. dxc6 Nxc6 8. Bb5 e5 9. Bxc6+ bxc6 10. Nge2 Bc5 11. Ng3 Qd4 12. Qe2 Bxc2 13. Nge4 Nxe4 14. Nxe4 Be7 15. Qe3 Qd5 16. Nc3 Qa5 17. f4 exf4 18. Qxf4 Bd3 19. Kf2 0-0 20. g3 Bc5+ 21. Kg2 Rfe8 22. a3 Rab8 23. Re1 Qd8 24. Rxe8+ Qxe8 25. b4 Be7 26. Bb2 Bf8 27. Qd4 Rd8 28. Qxa7 Be4+ 29. Kg1 Rxd2 30. Re1 Rg2+ 31. Kf1 Rxb2 32. Rxe4 Qc8 33. Rf4 Qh3+ 34. Ke1 f6 35. Rf2 Rxf2 36. Qxf2 Qe6+ 37. Qe2 Qb3 38. Qa2 Qxa2 39. Nxa2 Kf7 40. a4 Ke6 41. Kd2 Kd5 42. Kd3 f5 43. Nc3+ Kd6 44. Kc4 g5 45. Ne2 Kd7 46. a5 Bd6 47. a6 Bb8 48. Nd4 f4 49. Nf3 Kc8 50. Nxg5 fxg3 51. hxg3 Bxg3 52. Kc5 Kd7 53. Nxh7 Bf2+ 54. Kc4 Kc7 1/2-1/2